000 00641cam a22002052 4500
001 0000020408
005 20151217154440.0
008 110916s xx 000 0 eng d
020 _a8181475350
040 _aKABU
_cKABU
245 1 0 _aPocket companion to Robbins and Cotran pathologic basis of disease. 7th ed. /
_cRichard N. Mitchell ...[et al.].
250 _a1st ed.
260 _aNew Delhi :
_bElsevier,
_c2006.
300 _axii, 801 p.
650 0 _aPathology.
_@0000178277
700 1 _aMitchell, Richard N.
_@0000180648
852 1 _9p1510 KES
908 _a110916
950 _@1
999 _c11356
_d11356